000 00950cam a2200337 i 4500
001 573059
003 ARRUPE
005 20160304113859.0
008 741224s1974 fr b 000 0 fre
010 _a 74194993 //r923
015 _aF***
020 _a2218025418
035 _a(OCoLC)ocm01273120
035 _a(CStRLIN)NYCG87-B5285
035 _a(NNC)573059
040 _aDLC
_cDLC
050 0 0 _aPQ2601.R2
_bZ80
082 0 0 _a848/.9/1209
100 1 _aLecherbonnier, Bernard.
_922756
245 1 3 _aLe cycle d'Elsa, Aragon :
_banalyse critique /
_cby Bernard Lecherbonnier.
260 _aParis :
_bHatier,
_c1974
300 _a79p. ;
_c18 cm.
490 1 _aLe Profil d'une œuvre ; 48
504 _aDiscography: p. 79-[80]
504 _aBibliography: p. 78-79.
600 1 0 _aAragon, Louis, Le cycle d'Elsa
_922757
830 0 _aProfil d'une œuvre ;
_v48.
_922758
942 _2lcc
_cMONOGRAPH
999 _c124318
_d124318